Africa Capitals to Country - Map Click Quiz - Statistics

General Stats
  • This quiz has been taken 150 times
  • The average score is 29 of 54
Answers on the Map
Answers color-coded by a green-red scale on the quiz's map according to % correct below.
 
Answer Stats
Answer % Correct
Cairo
81%
Djibouti
79%
Algiers
76%
Pretoria, Bloemfontein, Cape Town
74%
São Tomé
74%
Tunis
74%
Bissau
69%
Addis Ababa
64%
Tripoli
64%
Abuja
62%
Nairobi
62%
Ouagadougou
62%
Rabat
60%
Accra
57%
Khartoum
57%
Maputo
57%
Mogadishu
57%
Brazzaville
55%
Dakar
55%
Kampala
55%
Port Louis
55%
Victoria
55%
Windhoek
55%
Kinshasa
52%
Monrovia
52%
N'Djamena
52%
Niamey
52%
Nouakchott
52%
Antananarivo
50%
Conakry
50%
Dodoma
50%
Juba
50%
Luanda
50%
Porto-Novo
50%
Praia
50%
Yamoussoukro
50%
Ciudad de la Paz
48%
Gaborone
48%
Lilongwe
48%
Yaoundé
48%
Kigali
45%
Libreville
45%
Lome
45%
Moroni
45%
Asmara
43%
Bamako
43%
Harare
43%
Lusaka
43%
Maseru
43%
Freetown
40%
Mbabane
40%
Bangui
38%
Banjul
38%
Gitega
36%
No matching quizzes found
Score Distribution
Percent of People with Each Score
Percentile by Number Answered
Your Score History
You have not taken this quiz